| 000 | 00803nam a2200241 a 4500 | ||
|---|---|---|---|
| 001 | 000041971 | ||
| 005 | 20201002035848.0 | ||
| 008 | 090819s1997 sp a 000 0 spa d | ||
| 020 | _a8400076702 | ||
| 040 |
_aDO-SdBNP _bspa _cBNPHU |
||
| 082 |
_axxx _bxxx |
||
| 245 | 0 | 0 |
_aPéptidos en biología y biomedicina / _ccoordinadores David Andreu, Luis Rivas. |
| 260 |
_aMadrid : _bCSIC, _c1997. |
||
| 300 |
_a525 p. : _bil., ; _c25 cm. |
||
| 490 | 1 |
_aNuevas tendencias _v27 |
|
| 500 | _aIncluye notas al pie de páginas | ||
| 504 | _aBibliografía : p. 519-525 | ||
| 700 | 1 |
_aAndreu, David, _ecoor. _968903 |
|
| 700 | 1 |
_aRivas, Luis, _ecoor. _968898 |
|
| 700 | 1 |
_aNetzer, Hagai _ecoord. _915458 |
|
| 710 | 2 |
_aConsejo Superior de Investigaciones Científicas _94786 |
|
| 830 | 0 |
_aNuevas tendencias _n27 _968904 |
|
| 999 |
_c41460 _d41460 |
||